000
00301nam a2200121Ia 4500
008
190216s9999||||xx |||||||||||||| ||und||
100
_a
Arjundas Kesari
245
0
_a
Hindi-Lory Kayan Ka Charith Sangatan Thatha Kavya Soupakth
260
_b
Lokaruchi
300
_a
65
650
_a
Hindi
942
_c
BK
999
_c
16350
_d
16350